| 000 | 01389cam a22003251a 4500 | ||
|---|---|---|---|
| 001 | e 19000350 | ||
| 003 | DLC | ||
| 005 | 20260227111210.0 | ||
| 008 | 860124s1919 dcu f000 0 eng c | ||
| 010 | _ae 19000350 | ||
| 035 | _a(OCoLC)13058608 | ||
| 040 |
_aU.S. Off. of Educ. Library _cABAU _dABAU _dDLC |
||
| 042 | _apremarc | ||
| 050 | 0 | 0 |
_aL111 _b.A6 1919, no. 36 |
| 051 |
_aLA792 _b.M78 _cCopy 2 |
||
| 082 | _a370.6173 | ||
| 100 | 1 |
_aMontgomery, Walter A. _q(Walter Alexander), _d1872-1949. |
|
| 245 | 1 | 0 |
_aEducation in Italy / _cby Walter A. Montgomery. |
| 260 |
_aWashington : _bG.P.O., _c1919. |
||
| 300 |
_a29 p. ; _c23 cm. |
||
| 490 | 1 |
_aBulletin / Department of the Interior, Bureau of Education ; _v1919, no. 36 |
|
| 500 | _a"Advance sheets from the Biennial survey of education, 1916-1918." | ||
| 501 |
_aCopy 1 of L111.A6 with: Vocational education, 1919, no. 25 / William T. Bawden. Washington : Govt. Print. Off., 1919. Bound together subsequent to publication. _5DLC |
||
| 530 | _aAlso available in digital form on the Internet Archive Web site. | ||
| 530 | _aAlso available in digital form on the Internet Archive Web site. | ||
| 650 | 0 |
_aEducation _zItaly. |
|
| 830 | 0 |
_aBulletin (United States. Bureau of Education) ; _v1919, no. 36 |
|
| 856 | 4 | 1 | _uhttp://hdl.loc.gov/loc.gdc/scd0001.00221145756 |
| 856 | 4 | 1 | _uhttp://hdl.loc.gov/loc.gdc/scd0001.00221145756 |
| 999 |
_c20311 _d20311 |
||